Porovnanie linearizačných metód nelineárného riadenia

Saved in:
Bibliographic Details
Main Author: Kalmár, Marián (Author)
Other Authors: Bisták, Pavol (Thesis advisor)
Format: Manuscript Book
Language:Slovak
Published: Bratislava : STU v Bratislave FEI, 2004
Subjects:
Tags: Add Tag
No Tags, Be the first to tag this record!

MARC

LEADER 00000ntm a22000003a 4500
001 stu92567
005 20160719164653.7
008 050125s2004------------------------slo-d
040 |a STU  |b slo 
041 0 |a slo 
100 1 |a Kalmár, Marián  |4 aut 
245 1 |a Porovnanie linearizačných metód nelineárného riadenia 
260 |a Bratislava :  |b STU v Bratislave FEI,  |c 2004 
300 |a 134 s 
650 7 |a automatizácia  |2 stusub 
700 1 |a Bisták, Pavol  |4 ths  |u E010  |T FEI Ústav riadenia a priemyselnej informatiky  |X 3708  |U E010  |Y E010  |7 A000003708